RICS Practice Alert - DPB Licenced Firms (Record no. 121965)
[ view plain ]
| 000 -LEADER | |
|---|---|
| fixed length control field | 00969nam a22002177a 4500 |
| 008 - FIXED-LENGTH DATA ELEMENTS--GENERAL INFORMATION | |
| fixed length control field | 240705e20240216xxk|||||o|||| 00| 0 eng d |
| 041 ## - LANGUAGE CODE | |
| Language code of text/sound track or separate title | eng |
| 110 ## - MAIN ENTRY--CORPORATE NAME | |
| Corporate author | Royal Institution of Chartered Surveyors |
| 245 ## - TITLE STATEMENT | |
| Title | RICS Practice Alert - DPB Licenced Firms |
| Medium | [Email update] |
| 260 ## - PUBLICATION INFORMATION | |
| Place of publication | London, |
| Publisher | Royal Institution of Chartered Surveyors, |
| Date | 16 February 2024 |
| 300 ## - PHYSICAL DESCRIPTION | |
| Physical description | |
| 490 ## - SERIES TITLE | |
| Series statement | RICS Practice Alert |
| 520 ## - ABSTRACT | |
| Abstract | This Alert is to notify all RICS-regulated firms on the Designated Professional Body (DPB) Scheme of upcoming changes to the DPB Rules and Guidance documents. |
| 650 ## - KEYWORDS | |
| Keywords | DESIGNATED PROFESSIONAL BODY SCHEME |
| 650 ## - KEYWORDS | |
| Keywords | INSURANCE SERVICES |
| 651 ## - SUBJECT ADDED ENTRY--GEOGRAPHIC NAME | |
| Geographic name | United Kingdom |
| 690 ## - BROAD SUBJECT | |
| Broad subject | RICS |
| 9 (RLIN) | 6277 |
| 710 ## - ADDED CORPORATE NAME | |
| Added corporate author | Royal Institution of Chartered Surveyors |
| 856 ## - ONLINE RESOURCE | |
| Uniform Resource Identifier | <a href="https://www.rics.org/content/dam/ricsglobal/documents/regulation/rics-practice-alert-dpb-licenced-firms-february-2024.pdf">https://www.rics.org/content/dam/ricsglobal/documents/regulation/rics-practice-alert-dpb-licenced-firms-february-2024.pdf</a> |
| Public note | View the online Practice Update |
| 942 ## - ADDED ENTRY ELEMENTS (KOHA) | |
| Suppress in OPAC | Do not suppress in OPAC |
| Lost status | Damaged status | Not for loan | Current library | Shelving location | Date acquired | Total Checkouts | Full call number | Date last seen | Price effective from | Koha item type |
|---|---|---|---|---|---|---|---|---|---|---|
| Virtual | Online | 05/07/2024 | 05/07/2024 | 05/07/2024 |